Normal view
MARC view
- Cruz Torres, Christian E.
Entry Nombre Personal
001 - NUMERO DE CONTROL
- campo de control: 47517
003 - IDENTIFICADOR DE NUMERO DE CONTROL
- campo de control: UPN
005 - FECHA Y HORA DE LA ÜLTIMA TRANSACCIÓN
- campo de control: 20230111120121.0
008 - DATOS DE LONGITUD FIJA
- campo de control de longitud fija: 221201|| acn||aabn | a|a d
024 ## - OTROS IDENTIFICADORES NORMALIZADOS
- Fuente: orcid
- Número normalizado o código: 0000-0002-4286-4697
040 ## - FUENTE DE CATALOGACIÓN
- Agencia original de catalogación: MX-MxUPN
100 1# - ENCABEZAMIENTO - NOMBRE PERSONAL
- Nombre personal: Cruz Torres, Christian E.
370 ## - LUGAR ASOCIADO
- Place of birth: México
371 ## - DIRECCIÓN
- Address: Bulevard Milenio 1001, Fracción del Predio, San Carlos
- City: León, Guanajuato
- Country: México
- Postal code: 37670
372 ## - CAMPO DE ACTIVIDAD
- Field of activity: Psicología
- Field of activity: Docencia
373 ## - GRUPO ASOCIADO
- Associated group: Universidad de Guanajuato
374 ## - OCUPACIÓN
- Occupation: Doctor en psicología
- Occupation: Profesor universitario
375 ## - GÉNERO
- Gender: masculino
377 ## - LENGUA ASOCIADA
- Language code: spa
400 1# - VEÁSE - NOMBRE DE PERSONA
- Personal name: Cruz Torres, Christian Enrique
670 ## - FUENTE EN LA QUE SE LOCALIZARON DATOS
- Cita de la fuente: En recurso en línea Acta de investigación psicológica, Vol. 10, no. 2 (2020):
- Información localizada: página 56 (Christian E. Cruz Torres)
- Uniform Resource Identifier: https://www.revista-psicologia.unam.mx/revista_aip/index.php/aip/article/view/346/278
902 ## - CATALOGADOR
- Catalogador: RGJD/011222
